Religion Quiz

Random Religion or State Quiz

Catholic Countries of Europe Quiz Stats

Quiz Updated Oct 7, 2016

Challenge
Share
Tweet
Score 0/19 Timer 04:00
0 Plays Today
% Correct
Italy (80%)
98.4%
Spain (94%)
97.4%
France (63-66%)
93.2%
Portugal (81%)
90.7%
Austria (74%)
84.2%
Poland (87%)
82.9%
Ireland (85%)
79.3%
Vatican City (predominant)
70.3%
Slovenia (58%)
69.1%
Croatia (86%)
65.4%
% Correct
Belgium (75%)
64.2%
San Marino (predominant)
63.3%
Slovakia (62%)
60.1%
Andorra (predominant)
50.6%
Luxembourg (87%)
45%
Malta (>90%)
36.5%
Monaco (90%)
36.1%
Lithuania (77%)
34.6%
Liechtenstein (76%)
30.3%

You're not logged in!

Compare scores with friends on all Sporcle quizzes.
Sign Up with Email
OR
Log In

Show Comments

Extras

Top Quizzes Today


Score Distribution

Your Account Isn't Verified!

In order to create a playlist on Sporcle, you need to verify the email address you used during registration. Go to your Sporcle Settings to finish the process.